Central Library OPAC University of Rajshahi

Everybody's business / (Record no. 60002)

MARC details
000 -LEADER
fixed length control field 00605nam a2200217 a 4500
001 - CONTROL NUMBER
control field 60002
003 - CONTROL NUMBER IDENTIFIER
rucl marc code BD-RjUL
005 - DATE AND TIME OF LATEST TRANSACTION
control field 20211209080808.0
008 - FIXED-LENGTH DATA ELEMENTS--GENERAL INFORMATION
fixed length control field 161229s1931 enk 001 0 eng d
035 ## - SYSTEM CONTROL NUMBER
System control number (BD-RjUL)60126
040 ## - CATALOGING SOURCE
Original cataloging agency GSU
Transcribing agency GSU
Modifying agency BD-RjUL
082 ## - DEWEY DECIMAL CLASSIFICATION NUMBER
Edition number 23
Classification number 330.904
Author mark and year WIE 1931
100 1# - MAIN ENTRY--PERSONAL NAME
Personal name Withers, Hartley,
Dates associated with a name 1867-1950.
9 (RLIN) 178519
245 10 - TITLE STATEMENT
Title Everybody's business /
Statement of responsibility, etc. by Hartley Withers.
260 ## - PUBLICATION, DISTRIBUTION, ETC. (IMPRINT)
Place of publication, distribution, etc. London :
Name of publisher, distributor, etc. J. Cape,
Date of publication, distribution, etc. 1931
300 ## - PHYSICAL DESCRIPTION
Pagination 443 p. ;
Size 21 cm.
500 ## - GENERAL NOTE
General note Includes index.
650 #0 - SUBJECT ADDED ENTRY--TOPICAL TERM
Topical term or geographic name as entry element Economics.
9 (RLIN) 170576
Topical term or geographic name as entry element Economic history
Chronological subdivision 1918-
9 (RLIN) 178520
942 ## - ADDED ENTRY ELEMENTS (KOHA)
Source of classification or shelving scheme Dewey Decimal Classification
Koha item type Books
Holdings
Lost status Source of classification or shelving scheme Damaged status Not for loan Collection code Permanent Location Current Location Shelving location Date acquired Source of acquisition Total Checkouts Full call number Date last seen Copy number Koha item type
  Dewey Decimal Classification   Not For Loan Non-fiction Central Library, University of Rajshahi Central Library, University of Rajshahi Reading Room 01/04/1974 British national book centre   330.904 WIE 1931 28/12/2016 C-1 Books